| 000 | 00529nam a22001817a 4500 | ||
|---|---|---|---|
| 005 | 20260530163517.0 | ||
| 008 | 260530b |||||||| |||| 00| 0 eng d | ||
| 020 |
_a9783110778182 _c4270.65 |
||
| 040 | _aMAIN | ||
| 041 | _aGerman | ||
| 082 |
_a830.9 _bELS |
||
| 100 |
_aElsaghe, Yahya _926971 |
||
| 245 |
_aThomas Mann auf Leinwand und Bildschirm _b: Zur Deutschen Aneignung Seines Erzahlwerks in der Langen Nachkriegszeit |
||
| 260 |
_aBerlin _bDe Gruyter _c2021 |
||
| 300 | _a230 | ||
| 650 | _aGerman Language | ||
| 942 | _cBK | ||
| 999 |
_c60943 _d60943 |
||